La infancia de la humanidad (Registro nro. 302817)
[ vista simple ]
| 000 -ENCABEZADO | |
|---|---|
| Número de control [NR] | 02347nam a22002777a 4500 |
| 005 - FECHA Y HORA DE LA ÚLTIMA TRANSACCIÓN | |
| control field | 20160226112124.0 |
| 008 - DE LONGITUD FIJA DE DATOS DE ELEMENTOS - INFORMACIÓN GENERAL | |
| Elementos de longitud fija [NR] | 160226n sp a|||fr|||| 001 0 spa d |
| 040 ## - FUENTE DE CATALOGACION [NR] | |
| Quien Cataloga | Sandra Yazo |
| Quien Clasifica | Sandra Yazo |
| 041 0# - CODIGO DE IDIOMA [R] | |
| Código de idioma para texto/pista de sonido o título separado [R] | Español |
| 082 04 - NUMERO DE CLASIFICACION DECIMAL DEWEY [R] | |
| Número de la edición [NR] | 20 |
| Número de clasificación [R] | 551.72 |
| 092 ## - SIGNATURA TOPOGRAFICA LOCAL | |
| Número de clasificación local | E37N065 |
| 100 1# - ASIENTO PRINCIPAL--NOMBRE PERSONAL [NR] | |
| Nombre personal [NR] | Pérez de Barradas, José |
| ID Autoridad | 75857 |
| 245 13 - MENCION DE TITULO [NR] | |
| Título [NR] | La infancia de la humanidad |
| Mención de responsabilidad, etc. [NR] | por José Pérez de Barradas |
| 250 ## - MENCION DE EDICION [NR] | |
| Mención de edición [NR] | Segunda edición |
| 260 ## - PUBLICACION, DISTRIBUCION, ETC. (PIE DE IMPRENTA) [R] | |
| Lugar de publicación, distribución, etc. [R] | Madrid (España) |
| Nombre del editor, distribuidor, etc. [R] | Manuales "Germen" |
| -- | Talleres Luz y Vida |
| Fecha de publicación, distribución, etc. [R] | [fecha desconocida] |
| 300 ## - DESCRIPCION FISICA [R] | |
| Extensión [R] | 216 páginas |
| Dimensiones [R] | 19 x 12 cm. |
| 490 ## - MENCION DE SERIE [R] | |
| Mención de serie [R] | Manuales Germen - Gurpo V |
| Designación numérica/secuencial del volumen [NR] | 41 |
| 500 ## - NOTA GENERAL [R] | |
| Nota general [NR] | Ejemplar en buen estado de conservación. Encuadernación rígida (holandesa) en cartón forrado en papel. Lomo en tela con letras en dorado. Guardas. Hoja de cortesía con una nota manuscrita de donación. Portada impresa en una sola tinta. Texto impreso en una sola tinta. Varias ilustraciones entre el texto |
| 505 2# - NOTA DE CONTENIDO CON FORMATO PREESTABLECIDO [R] | |
| Nota de contenido con formato preestablecido [NR] | La edad de piedra tallada: La historia de la tierra y la historia del hombre ; La flora y la fauna de las épocas interglaciares cuaternarias ; Concordancia de los fenómenos geológicos con el hombre fósil y su culturas ; Las razas cuaternarias ; La talla de piedra ; La industria del hueso, asta o marfil ; La vivienda ; la casa : La pesca ; traje y adorno -- La edad de la piedra pulimentada ; Los círculos culturales neolíticos europeos ; Las culturas neolíticas orientales y comienzo de los tiempos históricos ; Cronología ; El pulimento de la piedra ; La talla de la piedra y la primitiva cartería ; El cobre, la cerámica, el vestido y el trenzado, la vivienda -- La edad de bronce: sus límites y el origen de la metalurgia ; La cultura europea de la edad de bronce ; Las minas de cobre, estaño ; Fabricación del bronce la industria de metal ; El comercio ; El arte ; La religión -- La edad de hierro: los límites de la edad de hierro : Las culturas europeas de la edad de hierro ; Las minas de hierro ; la forja ; La industria de metal ; La cerámica ; Las minas de sal ; El traje y el adorno ; Ciudades y fortalezas ; El comercio ; El origen de la moneda |
| 506 ## - NOTA DE RESTRICCIONES DE ACCESO [R] | |
| Condiciones de acceso [NR] | Consulta en sala |
| 650 #7 - ASIENTO SECUNDARIO DE MATERIA - TERMINO TEMATICO [R] | |
| 9 (RLIN) | 16364 |
| Término temático o nombre geográfico como elemento de entrada [NR] | Geología |
| 650 #7 - ASIENTO SECUNDARIO DE MATERIA - TERMINO TEMATICO [R] | |
| 9 (RLIN) | 13752 |
| Término temático o nombre geográfico como elemento de entrada [NR] | Edad de Piedra |
| 650 #7 - ASIENTO SECUNDARIO DE MATERIA - TERMINO TEMATICO [R] | |
| 9 (RLIN) | 13751 |
| Término temático o nombre geográfico como elemento de entrada [NR] | Edad de Hierro |
| 650 #7 - ASIENTO SECUNDARIO DE MATERIA - TERMINO TEMATICO [R] | |
| 9 (RLIN) | 13750 |
| Término temático o nombre geográfico como elemento de entrada [NR] | Edad de Bronce |
| 942 ## - ELEMENTOS DE ENTRADA AGREGADOS (KOHA) | |
| Sistema de clasificación | LOCAL |
| Tipo de ítem principal el descrito en 300a | Libro |
| Edición | 2 |
| Clasificación | E37N065 |
| Suprimido | Perdido | Sistema de clasificación | Dañado | No prestable | Tipo de ítem específico | Ubicación habitual | Ubicación actual | Localización | Fecha de creación | Forma de adquisición | Costo | Total préstamos | Signatura topográfica | Código de barras | Última vez visto | Ejemplar | Price effective from | Tipo de ítem |
|---|---|---|---|---|---|---|---|---|---|---|---|---|---|---|---|---|---|---|
| LOCAL | Libro archivo | Archivo Histórico | Archivo Histórico | Archivo histórico | 26/02/2016 | Donación | 0.00 | E38N065 | L005380 | 26/02/2016 | Ej.1 | 26/02/2016 | Libro |